Diseño de alcantarillado sanitario y drenaje pluvial del barrio Villa Vallarta en la ciudad de Managua
Presenta el diseño de alcantarillado sanitario y drenaje pluvial del barrio Villa Vallarta en la ciudad de Managua para el cual se realizó un levantamiento planimétrico y alimétrico del sitio, así como un estudio del número de viviendas entre otros, también se diseñó el colector principal y...
| Main Authors: | , |
|---|---|
| Other Authors: | |
| Format: | Tesis Section = Libro |
| Language: | Undetermined Spanish |
| Published: |
Managua
UNI
2011
|
| Subjects: |
| LEADER | 01212nam a2200277Ia 4500 | ||
|---|---|---|---|
| 008 | 240830s9999 xx 000 0 und d | ||
| 040 | |a BIBLIOTECA-RUPAP Mon 628.2 J22 | ||
| 041 | |a spa | ||
| 082 | |a Mon 628.2 J22 | ||
| 100 | 1 | |a Jáenz Acevedo, José Manuel | |
| 100 | 1 | |b Lee Lazo, Luis Carlos | |
| 245 | 1 | 0 | |a Diseño de alcantarillado sanitario y drenaje pluvial del barrio Villa Vallarta en la ciudad de Managua |
| 260 | |a Managua |b UNI |c 2011 | ||
| 300 | |a 76 p. :il. | ||
| 500 | |a Contiene: anexos. | ||
| 502 | |a Tesis (Ingeniero Civil)- UNI, 2011. | ||
| 520 | 3 | |a Presenta el diseño de alcantarillado sanitario y drenaje pluvial del barrio Villa Vallarta en la ciudad de Managua para el cual se realizó un levantamiento planimétrico y alimétrico del sitio, así como un estudio del número de viviendas entre otros, también se diseñó el colector principal y los colectores secundarios. | |
| 650 | 7 | |a ALCANTARILLADO SANITARIO | |
| 650 | 7 | |b ALCANTARILLADO – DISEÑO | |
| 650 | 7 | |c ALCANTARILLADO PLUVIAL | |
| 650 | 7 | |d INGENIERIA SANITARIA | |
| 650 | 7 | |e INGENIERIA HIDRAULICA | |
| 700 | 1 | |a Tutor: |b Baltodano Maldonado, José Ángel | |
| 942 | |c BK |2 ddc | ||
| 991 | |a TESIS | ||
| 999 | |c 16314 | ||